[Event "4th EUR-ch"]
[Site "Istanbul TUR"]
[Date "2003.06.06"]
[Round "7.12"]
[White "Tkachiev, Vladislav"]
[Black "Sulskis, Sarunas"]
[Result "0-1"]
[WhiteElo "2643"]
[BlackElo "2578"]
[EventDate "2003.05.30"]
[PlyCount "66"]

1.d4 Nf6 2.c4 e6 3.Nf3 b6 4.g3 Ba6 5.Qb3 Nc6 6.Nbd2 Bb7 7.e4 Be7 8.Bd3 O-O
9.O-O d5 10.cxd5 exd5 11.e5 Ne4 12.Re1 f5 13.exf6 Nxf6 14.a3 Kh8 15.Qd1 a5
16.Ng5 Nxd4 17.Nxh7 Bc5 18.Nxf8 Qxf8 19.Nf3 Ng4 20.Bf4 Ne6 21.Nh4 Bxf2+ 
22.Kf1 Nxh2+ 23.Kxf2 Nxf4 24.Kg1 Qc5+ 25.Kh1 Nxd3 26.Qxd3 Ng4 27.Qf3 Qf2 
28.Qxg4 d4+ 29.Re4 Qe3 30.Ng6+ Kh7 31.Qh4+ Kxg6 32.Qg4+ Kh7 33.Qh4+ Kg8 
0-1

[Event "4th EUR-ch"]
[Site "Istanbul TUR"]
[Date "2003.06.06"]
[Round "7.14"]
[White "Kharlov, Andrei"]
[Black "Gurevich, Mikhail"]
[Result "1-0"]
[WhiteElo "2581"]
[BlackElo "2635"]
[EventDate "2003.05.30"]
[PlyCount "86"]

1.e4 e6 2.d4 d5 3.Nd2 c5 4.Ngf3 Nf6 5.exd5 exd5 6.Bb5+ Bd7 7.Bxd7+ Nbxd7 
8.O-O Be7 9.dxc5 Nxc5 10.Nb3 Nce4 11.Nfd4 Qd7 12.f3 Nd6 13.Nc5 Qc7 14.Nd3 
O-O 15.b3 Rfe8 16.Be3 Bf8 17.Qd2 g6 18.Rae1 Bg7 19.Bf2 a6 20.Rxe8+ Rxe8 
21.Re1 Nc8 22.a4 Bf8 23.Rxe8 Nxe8 24.Qg5 Bd6 25.Bg3 Ne7 26.Bxd6 Nxd6 27.g4
b5 28.a5 Nec8 29.Qd2 Nb7 30.b4 Ncd6 31.c3 Qe7 32.Nf4 Nc4 33.Qe2 Qd7 34.Qd1
Nd8 35.Nc2 Ne6 36.Nxd5 Kf8 37.Nce3 Nxe3 38.Nxe3 Qc7 39.Qd2 Qe5 40.Kf1 Qf6 
41.Ke2 Qe5 42.Kf1 Qf6 43.Kg2 Qe5 1-0

[Event "4th EUR-ch"]
[Site "Istanbul TUR"]
[Date "2003.06.06"]
[Round "7.16"]
[White "Filippov, Valery"]
[Black "Luther, Thomas"]
[Result "1-0"]
[WhiteElo "2627"]
[BlackElo "2571"]
[EventDate "2003.05.30"]
[PlyCount "65"]

1.Nf3 Nf6 2.c4 c6 3.d4 d5 4.Nc3 a6 5.c5 Nbd7 6.Bf4 Nh5 7.e3 g6 8.Bd3 Bg7 
9.O-O O-O 10.Bg5 Re8 11.e4 dxe4 12.Bxe4 Ndf6 13.Bc2 Be6 14.Re1 Nd5 15.Qd2 
Qc7 16.Rxe6 fxe6 17.Re1 Qd7 18.Ne5 Bxe5 19.Rxe5 Ng7 20.h4 Rad8 21.Nxd5 
exd5 22.Qe2 Rc8 23.g4 Rf8 24.h5 gxh5 25.gxh5 Rf7 26.h6 Qh3 27.Rxe7 Rxe7 
28.Qxe7 Qg4+ 29.Kh2 Qxd4 30.hxg7 Qg4 31.Be3 Qh5+ 32.Kg3 Re8 33.Qf6 1-0

[Event "4th EUR-ch"]
[Site "Istanbul TUR"]
[Date "2003.06.06"]
[Round "7.17"]
[White "Ftacnik, Lubomir"]
[Black "Vaisser, Anatoli"]
[Result "1-0"]
[WhiteElo "2611"]
[BlackElo "2563"]
[EventDate "2003.05.30"]
[PlyCount "44"]

1.Nf3 f5 2.g3 Nf6 3.Bg2 e6 4.c4 d5 5.d4 c6 6.O-O Bd6 7.b3 Qe7 8.Ne5 b5 9.
cxb5 cxb5 10.Bf4 O-O 11.Nd2 Nh5 12.Ndf3 Nxf4 13.gxf4 Ba3 14.Qd3 a6 15.Rab1
Bb7 16.Ng5 Bd6 17.Qh3 h6 18.Ng6 Qe8 19.Nxf8 hxg5 20.Nh7 Bxf4 21.e3 g4 22.
Qh4 Bd6 1-0

[Event "4th EUR-ch"]
[Site "Istanbul TUR"]
[Date "2003.06.06"]
[Round "7.20"]
[White "Goloshchapov, Alexander"]
[Black "Kozul, Zdenko"]
[Result "1-0"]
[WhiteElo "2558"]
[BlackElo "2601"]
[EventDate "2003.05.30"]
[PlyCount "94"]

1.e4 c5 2.Nf3 Nc6 3.d4 cxd4 4.Nxd4 Nf6 5.Nc3 d6 6.Bg5 e6 7.Qd2 a6 8.O-O-O 
Bd7 9.f3 h6 10.Be3 Qc7 11.Kb1 Rc8 12.h4 Ne5 13.f4 b5 14.Bd3 g6 15.a3 Qb7 
16.Rhf1 d5 17.exd5 b4 18.axb4 Bxb4 19.Nde2 Nxd5 20.Bd4 Nxd3 21.Qxd3 O-O 
22.Nxd5 exd5 23.Nc3 Bxc3 24.Bxc3 Bb5 25.Qd4 Rxc3 26.Qxc3 Bxf1 27.Rxf1 Rc8 
28.Qd2 Rb8 29.b3 a5 30.Qxa5 Ra8 31.Qc3 Qa7 32.Rd1 Qa2+ 33.Kc1 Qa3+ 34.Kb1 
Qa2+ 35.Kc1 Qa3+ 36.Qb2 Qe7 37.Qd4 Ra5 38.h5 Qe2 39.hxg6 fxg6 40.Qf6 Ra6 
41.Qd8+ Kg7 42.Qc7+ Kg8 43.Qc8+ Kf7 44.Qc7+ Kg8 45.Qc3 Qe6 46.Kb1 Rc6 47.
Qd2 Rc5 1-0

[Event "4th EUR-ch"]
[Site "Istanbul TUR"]
[Date "2003.06.06"]
[Round "7.21"]
[White "Kotronias, Vasilios"]
[Black "Glek, Igor"]
[Result "1/2-1/2"]
[WhiteElo "2597"]
[BlackElo "2551"]
[EventDate "2003.05.30"]
[PlyCount "65"]

1.e4 e6 2.d4 d5 3.Nd2 c5 4.Ngf3 cxd4 5.exd5 Qxd5 6.Bc4 Qd6 7.O-O Nf6 8.Nb3
Nc6 9.Nbxd4 Nxd4 10.Nxd4 a6 11.Re1 Qc7 12.Qe2 Bc5 13.c3 h6 14.Bb3 Bd7 15.
Be3 Bd6 16.h3 Bh2+ 17.Kh1 Bf4 18.Bxf4 Qxf4 19.Bxe6 fxe6 20.Nxe6 Bxe6 21.
Qxe6+ Kf8 22.Re5 Qd2 23.Qb3 Re8 24.Rxe8+ Kxe8 25.Qxb7 Rf8 26.Qxg7 Rf7 27.
Qg6 Kf8 28.c4 Qxf2 29.Rd1 Rg7 30.Rd8+ Ke7 31.Qxg7+ Kxd8 32.Qxh6 Ne4 33.Kh2
1/2-1/2

[Event "4th EUR-ch"]
[Site "Istanbul TUR"]
[Date "2003.06.06"]
[Round "7.22"]
[White "Zviagintsev, Vadim"]
[Black "Kurajica, Bojan"]
[Result "1/2-1/2"]
[WhiteElo "2664"]
[BlackElo "2551"]
[EventDate "2003.05.30"]
[PlyCount "61"]

1.c4 e6 2.Nc3 Bb4 3.Qc2 d5 4.a3 Be7 5.d4 dxc4 6.e3 c5 7.Nf3 cxd4 8.Nxd4 
Bd7 9.Bxc4 Nc6 10.Nf3 Nf6 11.O-O O-O 12.Rd1 Qc7 13.e4 Rac8 14.Qe2 Ne5 15.
Nxe5 Qxe5 16.Be3 Bc5 17.Ba2 Bxe3 18.Qxe3 Ng4 19.Qg3 Qxg3 20.hxg3 Rc7 21.
Rd6 Re8 22.Re1 Ne5 23.f4 Ng4 24.Bb3 Bc6 25.Bd1 Nf6 26.e5 Nd5 27.Bf3 Nxc3 
28.Bxc6 Rxc6 29.Rxc6 bxc6 30.bxc3 Rb8 31.Rd1 1/2-1/2

[Event "4th EUR-ch"]
[Site "Istanbul TUR"]
[Date "2003.06.06"]
[Round "7.23"]
[White "Ivanchuk, Vasyl"]
[Black "Volokytin, Andriy"]
[Result "1/2-1/2"]
[WhiteElo "2704"]
[BlackElo "2572"]
[EventDate "2003.05.30"]
[PlyCount "43"]

1.e4 c5 2.Nf3 d6 3.d4 cxd4 4.Nxd4 Nf6 5.Nc3 a6 6.Be3 e6 7.f3 Nc6 8.Qd2 Be7
9.O-O-O O-O 10.g4 Nxd4 11.Bxd4 b5 12.Ne2 Bb7 13.Ng3 Rc8 14.Kb1 Qc7 15.Bd3 
Nd7 16.Rhf1 Ne5 17.f4 Nc4 18.Bxc4 Qxc4 19.Rf3 b4 20.b3 Qc7 21.Bb2 Rfd8 22.
Rc1 1/2-1/2

[Event "4th EUR-ch"]
[Site "Istanbul TUR"]
[Date "2003.06.06"]
[Round "7.25"]
[White "Vaganian, Rafael"]
[Black "Ruck, Robert"]
[Result "1/2-1/2"]
[WhiteElo "2653"]
[BlackElo "2569"]
[EventDate "2003.05.30"]
[PlyCount "76"]

1.d4 Nf6 2.c4 g6 3.g3 Bg7 4.Bg2 d5 5.cxd5 Nxd5 6.e4 Nb4 7.a3 N4c6 8.d5 Nd4
9.Ne2 Bg4 10.Nbc3 c6 11.h3 Bf3 12.Bxf3 Nxf3+ 13.Kf1 cxd5 14.Qxd5 Nc6 15.
Kg2 Nfe5 16.Rd1 Qxd5 17.Rxd5 e6 18.Rd1 O-O 19.f4 Nc4 20.b3 N4a5 21.Rb1 
Rfd8 22.Be3 Rxd1 23.Nxd1 Rd8 24.Nf2 Bf8 25.a4 Bb4 26.Kf3 h5 27.g4 hxg4+ 
28.hxg4 g5 29.Bc1 gxf4 30.Bxf4 Bd2 31.Rb2 Bxf4 32.Kxf4 f6 33.g5 Kf7 34.
gxf6 Kxf6 35.e5+ Ke7 36.Ke4 Nb4 37.Nd4 Nac6 38.Nxc6+ Nxc6 1/2-1/2

[Event "4th EUR-ch"]
[Site "Istanbul TUR"]
[Date "2003.06.06"]
[Round "7.26"]
[White "Hulak, Krunoslav"]
[Black "Sutovsky, Emil"]
[Result "0-1"]
[WhiteElo "2563"]
[BlackElo "2652"]
[EventDate "2003.05.30"]
[PlyCount "60"]

1.d4 Nf6 2.c4 g6 3.g3 Bg7 4.Bg2 d5 5.cxd5 Nxd5 6.e4 Nb6 7.Ne2 c5 8.d5 e6 
9.O-O O-O 10.Nec3 Na6 11.Nd2 Nb4 12.Nb3 c4 13.Nc5 Nd7 14.Be3 Qa5 15.Nxd7 
Bxd7 16.Bd2 Nd3 17.Qc2 Rac8 18.Rab1 Rfe8 19.a3 exd5 20.Nxd5 Qa4 21.Qxa4 
Bxa4 22.Bc3 Bc6 23.Bxg7 Kxg7 24.Rfd1 b5 25.b3 Nc5 26.bxc4 bxc4 27.Rbc1 Ba4
28.Rf1 Nb3 29.Rc3 Nd4 30.Re3 c3 0-1

[Event "4th EUR-ch"]
[Site "Istanbul TUR"]
[Date "2003.06.06"]
[Round "7.28"]
[White "Lputian, Smbat"]
[Black "Stefansson, Hannes Hlifar"]
[Result "1/2-1/2"]
[WhiteElo "2638"]
[BlackElo "2565"]
[EventDate "2003.05.30"]
[PlyCount "28"]

1.d4 d5 2.c4 c6 3.Nf3 Nf6 4.Nc3 a6 5.a4 e6 6.g3 dxc4 7.Bg2 c5 8.O-O Nc6 9.
Ne5 Na5 10.d5 Bd6 11.Bf4 Qc7 12.e3 O-O 13.Nf3 Bxf4 14.gxf4 Rd8 1/2-1/2

[Event "4th EUR-ch"]
[Site "Istanbul TUR"]
[Date "2003.06.06"]
[Round "7.29"]
[White "Macieja, Bartlomiej"]
[Black "Bischoff, Klaus"]
[Result "1-0"]
[WhiteElo "2634"]
[BlackElo "2564"]
[EventDate "2003.05.30"]
[PlyCount "85"]

1.e4 c5 2.Nf3 e6 3.d3 Nc6 4.g3 d5 5.Nbd2 Nf6 6.Bg2 Be7 7.O-O O-O 8.Re1 b5 
9.exd5 exd5 10.d4 Qb6 11.c3 cxd4 12.Nxd4 Nxd4 13.cxd4 Bg4 14.Nf3 Rfe8 15.
Qd3 Ne4 16.Be3 Bf5 17.Qb3 Be6 18.Ne5 Qb7 19.Nd3 Rac8 20.Nf4 Bd6 21.Nxe6 
fxe6 22.Re2 a5 23.a3 Bf8 24.Rae1 a4 25.Qd3 b4 26.axb4 Bxb4 27.Ra1 Qc6 28.
Bf4 Nd6 29.Bd2 Bxd2 30.Qxd2 Nc4 31.Qg5 Rcd8 32.Rae1 Rd6 33.Rxe6 Rexe6 34.
Rxe6 Nb6 35.Re7 Rg6 36.Qe5 Rf6 37.Bh3 h6 38.Re8+ Kf7 39.Rb8 Kg6 40.Bf1 Qc1
41.Qe8+ Kh7 42.Qg8+ Kg6 43.Rb7 1-0

[Event "4th EUR-ch"]
[Site "Istanbul TUR"]
[Date "2003.06.06"]
[Round "7.30"]
[White "Lastin, Alexander"]
[Black "Nijboer, Friso"]
[Result "1-0"]
[WhiteElo "2632"]
[BlackElo "2562"]
[EventDate "2003.05.30"]
[PlyCount "59"]

1.d4 Nf6 2.c4 g6 3.Nc3 Bg7 4.e4 d6 5.Nf3 O-O 6.Be2 e5 7.O-O Nc6 8.d5 Ne7 
9.Ne1 Nd7 10.Be3 f5 11.f3 f4 12.Bf2 g5 13.Rc1 Ng6 14.c5 Nxc5 15.b4 Na6 16.
Nd3 Rf7 17.Nb5 Bd7 18.a4 Qe8 19.Nb2 Bf8 20.Qd2 Qd8 21.Rc3 h5 22.Rfc1 g4 
23.Nxc7 Nxc7 24.Rxc7 g3 25.Be1 Rc8 26.Rxc8 Bxc8 27.Bf1 Bd7 28.a5 Rg7 29.
hxg3 Be7 30.Qc3 1-0

[Event "4th EUR-ch"]
[Site "Istanbul TUR"]
[Date "2003.06.06"]
[Round "7.31"]
[White "Anastasian, Ashot"]
[Black "Moiseenko, Olexandr"]
[Result "1-0"]
[WhiteElo "2561"]
[BlackElo "2627"]
[EventDate "2003.05.30"]
[PlyCount "106"]

1.Nf3 c5 2.g3 Nc6 3.Bg2 g6 4.O-O Bg7 5.e4 e5 6.c4 Nge7 7.Nc3 O-O 8.a3 d6 
9.d3 f5 10.exf5 Bxf5 11.Bg5 Qd7 12.Bxe7 Nxe7 13.Ne1 Bg4 14.Qd2 Nf5 15.Nc2 
Bh6 16.Qe1 Rae8 17.Ne4 Qa4 18.Qc3 Nd4 19.Nxd4 exd4 20.Qe1 Kh8 21.Qb1 Qb3 
22.a4 a5 23.Ra3 Qb6 24.Qc2 Qc7 25.Raa1 b6 26.Rae1 Qd7 27.Qb3 Rb8 28.f4 Be6
29.h4 Bg7 30.Qb5 Qxb5 31.axb5 Bf5 32.Nf2 Rbe8 33.Be4 Bc8 34.Kg2 Bf6 35.Kf3
Bd7 36.Bc6 Bxc6+ 37.bxc6 Kg7 38.Ne4 Be7 39.Re2 Rc8 40.Rfe1 Rc7 41.Ng5 Bxg5
42.hxg5 Rd8 43.g4 d5 44.Re6 dxc4 45.dxc4 Rdc8 46.f5 Rxc6 47.Re7+ Kg8 48.
Rh1 R6c7 49.Rhxh7 Rxe7 50.Rxe7 Ra8 51.Re6 gxf5 52.gxf5 a4 53.Rxb6 a3 1-0

[Event "4th EUR-ch"]
[Site "Istanbul TUR"]
[Date "2003.06.06"]
[Round "7.33"]
[White "Smirnov, Pavel"]
[Black "Halkias, Stelios"]
[Result "1-0"]
[WhiteElo "2615"]
[BlackElo "2542"]
[EventDate "2003.05.30"]
[PlyCount "117"]

1.e4 e6 2.d4 d5 3.Nc3 Bb4 4.e5 c5 5.a3 Bxc3+ 6.bxc3 Ne7 7.Qg4 O-O 8.Bd3 f5
9.exf6 Rxf6 10.Bg5 Rf7 11.Qh5 g6 12.Qd1 Nbc6 13.Nf3 Qf8 14.O-O c4 15.Be2 
h6 16.Bc1 Bd7 17.a4 Qg7 18.Ba3 g5 19.Bd6 Nf5 20.Be5 Qf8 21.h3 Qe7 22.Bh2 
Nd6 23.Ne5 Nxe5 24.Bxe5 Ne4 25.Bh5 Rf5 26.Bg6 Nxc3 27.Qh5 Rxe5 28.dxe5 Rf8
29.Qxh6 Ne2+ 30.Kh2 Qg7 31.Qxg7+ Kxg7 32.Bh5 Nd4 33.c3 Nc6 34.Rae1 Rf5 35.
Bg4 Rxe5 36.Rb1 b6 37.f4 gxf4 38.Rxf4 Re3 39.Rbf1 Ne5 40.Bh5 Bxa4 41.Rf8 
Bc2 42.Re8 b5 43.Re7+ Kh6 44.Be8 Bf5 45.g4 Bg6 46.Rf6 b4 47.Rexe6 bxc3 48.
Bxg6 Kg7 49.Bf5 d4 50.Rh6 d3 51.Rh7+ Kf8 52.Rf6+ Ke8 53.Re6+ Kd8 54.Rd6+ 
Ke8 55.Ra6 c2 56.Raxa7 Nf7 57.Bg6 Re2+ 58.Kg3 Re3+ 59.Kh4 1-0

[Event "4th EUR-ch"]
[Site "Istanbul TUR"]
[Date "2003.06.06"]
[Round "7.34"]
[White "Krasenkow, Michal"]
[Black "Savchenko, Stanislav"]
[Result "1/2-1/2"]
[WhiteElo "2609"]
[BlackElo "2559"]
[EventDate "2003.05.30"]
[PlyCount "131"]

1.d4 d5 2.c4 c6 3.Nc3 Nf6 4.e3 a6 5.Qc2 g6 6.Nf3 Bg7 7.Bd3 O-O 8.O-O Bg4 
9.Ne5 Be6 10.c5 Nbd7 11.f4 Nxe5 12.fxe5 Ne8 13.Bd2 f6 14.exf6 Nxf6 15.Ne2 
Qd7 16.Ng3 Ng4 17.Rf3 Nh6 18.Raf1 Bg4 19.Rxf8+ Rxf8 20.Rxf8+ Kxf8 21.Bc3 
e5 22.dxe5 Nf7 23.e6 Qxe6 24.Bxg7+ Kxg7 25.Qc3+ Qf6 26.Qd4 Bd7 27.Ne2 Ng5 
28.Qf4 Qxf4 29.exf4 Ne6 30.b4 a5 31.a3 axb4 32.axb4 Nc7 33.Kf2 Kf6 34.Nd4 
Ne6 35.Nxe6 Bxe6 36.Ke3 Bf5 37.Be2 h5 38.g3 Bd7 39.Kd4 Bg4 40.Bf1 Bd7 41.
b5 Bc8 42.bxc6 bxc6 43.Bd3 Bf5 44.Ba6 Bd7 45.Kc3 Kf5 46.Bd3+ Kf6 47.Bc2 
Bf5 48.Ba4 Bd7 49.Kd4 Kf5 50.h3 Kf6 51.g4 hxg4 52.hxg4 g5 53.f5 Be8 54.Bb3
Bd7 55.Bc2 Be8 56.Bd3 Bd7 57.Kc3 Ke5 58.Kb4 Bc8 59.Ka5 Kd4 60.f6 Be6 61.
Bf5 Ke5 62.Kb6 Kxf6 63.Bxe6 Kxe6 64.Kxc6 d4 65.Kb6 d3 66.c6 1/2-1/2

[Event "4th EUR-ch"]
[Site "Istanbul TUR"]
[Date "2003.06.06"]
[Round "7.35"]
[White "Belov, Vladimir"]
[Black "Baklan, Volodymyr"]
[Result "1/2-1/2"]
[WhiteElo "2549"]
[BlackElo "2607"]
[EventDate "2003.05.30"]
[PlyCount "39"]

1.e4 e6 2.d4 d5 3.Nc3 Nf6 4.Bg5 dxe4 5.Nxe4 Nbd7 6.Nf3 h6 7.Nxf6+ Nxf6 8.
Bh4 c5 9.Bc4 cxd4 10.O-O Be7 11.Qe2 O-O 12.Rad1 Qb6 13.Nxd4 Qxb2 14.Nf5 
exf5 15.Qxe7 Be6 16.Bxe6 fxe6 17.Qxe6+ Kh8 18.Qxf5 Qxa2 19.Rd6 Qb2 20.Rfd1
1/2-1/2

[Event "4th EUR-ch"]
[Site "Istanbul TUR"]
[Date "2003.06.06"]
[Round "7.37"]
[White "Asrian, Karen"]
[Black "Zelcic, Robert"]
[Result "1/2-1/2"]
[WhiteElo "2596"]
[BlackElo "2540"]
[EventDate "2003.05.30"]
[PlyCount "122"]

1.e4 c6 2.d4 d5 3.e5 c5 4.dxc5 Nc6 5.Nf3 Bg4 6.Bb5 e6 7.Be3 Qa5+ 8.Nc3 Ne7
9.a3 a6 10.Be2 Nf5 11.b4 Nxe3 12.fxe3 Qc7 13.O-O Bxf3 14.Bxf3 Qxe5 15.Qd3 
Be7 16.e4 d4 17.Na4 Rd8 18.Nb6 Qc7 19.Bh5 O-O 20.Nc4 Qb8 21.Be2 Bf6 22.
Rad1 Ne5 23.Qg3 Nxc4 24.Qxb8 Rxb8 25.Bxc4 Be5 26.Rf3 g5 27.g3 Rfc8 28.Rb3 
a5 29.Bb5 Ra8 30.Rdb1 axb4 31.axb4 Kf8 32.Bd3 Ke7 33.Kg2 h5 34.h3 h4 35.g4
Bf4 36.Kf3 Ra2 37.R3b2 Rxb2 38.Rxb2 Ra8 39.Rb1 Kd7 40.b5 Rc8 41.Rb4 Be5 
42.c6+ bxc6 43.bxc6+ Kd6 44.Ra4 f6 45.Bb5 Kc5 46.Bd3 Rb8 47.Rc4+ Kd6 48.c7
Rc8 49.Kg2 Kd7 50.Kf3 Ke7 51.Kg2 Bxc7 52.Rxd4 Rb8 53.Ra4 Rb1 54.Ra7 Kd6 
55.Bc4 Bb6 56.Ra6 Kc7 57.Bxe6 Rg1+ 58.Kh2 Re1 59.Ra3 Kd6 60.Bc4 Ke5 61.Rf3
Be3 1/2-1/2

[Event "4th EUR-ch"]
[Site "Istanbul TUR"]
[Date "2003.06.06"]
[Round "7.39"]
[White "Erenburg, Sergey"]
[Black "Kacheishvili, Giorgi"]
[Result "1-0"]
[WhiteElo "2499"]
[BlackElo "2592"]
[EventDate "2003.05.30"]
[PlyCount "63"]

1.e4 c5 2.c3 d5 3.exd5 Qxd5 4.d4 Nf6 5.Nf3 e6 6.Be3 Nbd7 7.c4 Qd6 8.Nc3 
cxd4 9.Nxd4 a6 10.Be2 Qc7 11.O-O b6 12.Bf3 Bb7 13.Re1 Ne5 14.Bxb7 Qxb7 15.
Bg5 Nfd7 16.Qh5 h6 17.Nxe6 hxg5 18.Qxh8 fxe6 19.Qh5+ g6 20.Qxg5 Be7 21.Qg3
O-O-O 22.Rxe5 Bd6 23.f4 Nxe5 24.fxe5 Bc5+ 25.Kh1 Qg7 26.Re1 Bd4 27.Qf3 Kc7
28.Qe4 g5 29.Nd5+ exd5 30.Qxd4 dxc4 31.Qxc4+ Kb7 32.h3 1-0

[Event "4th EUR-ch"]
[Site "Istanbul TUR"]
[Date "2003.06.06"]
[Round "7.40"]
[White "Roiz, Michael"]
[Black "Galkin, Alexander"]
[Result "0-1"]
[WhiteElo "2529"]
[BlackElo "2591"]
[EventDate "2003.05.30"]
[PlyCount "36"]

1.c4 e6 2.Nf3 d5 3.d4 c6 4.Qc2 Nf6 5.Nbd2 dxc4 6.Nxc4 c5 7.dxc5 Bxc5 8.a3 
b5 9.Nce5 Be7 10.e4 O-O 11.Bd3 Bb7 12.O-O a6 13.Be3 Nbd7 14.Nc6 Bxc6 15.
Qxc6 Ng4 16.Bd4 Nde5 17.Nxe5 Nxe5 18.Bxe5 Qxd3 0-1

[Event "4th EUR-ch"]
[Site "Istanbul TUR"]
[Date "2003.06.06"]
[Round "7.41"]
[White "Huzman, Alexander"]
[Black "Fontaine, Robert"]
[Result "1/2-1/2"]
[WhiteElo "2589"]
[BlackElo "2527"]
[EventDate "2003.05.30"]
[PlyCount "69"]

1.d4 d5 2.c4 c6 3.Nf3 Nf6 4.Qc2 dxc4 5.Qxc4 Bf5 6.g3 e6 7.Bg2 Be7 8.O-O 
O-O 9.Nc3 Nbd7 10.Re1 Ne4 11.Qb3 Qb6 12.Nh4 Bxh4 13.gxh4 Nxc3 14.Qxc3 Bg6 
15.Bf4 Qd8 16.Bg3 f5 17.Bd6 Re8 18.Qg3 Nf6 19.Be5 Ng4 20.Bf3 Nxe5 21.dxe5 
Re7 22.h5 Bf7 23.Red1 Qe8 24.Qh4 Rd8 25.h6 Red7 26.Rxd7 Rxd7 27.hxg7 Qd8 
28.Qh6 Bg6 29.e3 Rxg7 30.Rd1 Qc7 31.Kf1 Qxe5 32.Rd8+ Kf7 33.Rd7+ Kg8 34.
Rd8+ Kf7 35.Rd7+ 1/2-1/2

[Event "4th EUR-ch"]
[Site "Istanbul TUR"]
[Date "2003.06.06"]
[Round "7.42"]
[White "Damljanovic, Branko"]
[Black "Guseinov, Kadir"]
[Result "1/2-1/2"]
[WhiteElo "2587"]
[BlackElo "2505"]
[EventDate "2003.05.30"]
[PlyCount "95"]

1.d4 Nf6 2.c4 g6 3.Nc3 Bg7 4.e4 d6 5.h3 O-O 6.Bg5 c5 7.d5 Qa5 8.Bd2 e6 9.
Bd3 exd5 10.exd5 Nbd7 11.f4 Nh5 12.Nge2 Qd8 13.O-O f5 14.Qc2 Re8 15.Rae1 
Nf8 16.Kh2 a6 17.g3 Bd7 18.a4 Qc7 19.b3 Re7 20.Ng1 Rae8 21.Rxe7 Rxe7 22.
Nf3 Nf6 23.Qb1 a5 24.Re1 Qd8 25.Rxe7 Qxe7 26.Nd1 b6 27.Nf2 Qe8 28.Kg2 Bc8 
29.Qe1 Qxe1 30.Bxe1 Kf7 31.Bc2 Ke7 32.Bd2 Bd7 33.Nh4 Kf7 34.Kf3 Ng8 35.Nd1
Ne7 36.Nc3 Bf6 37.Ng2 Bd4 38.Nb5 Bxb5 39.axb5 Nd7 40.g4 h6 41.Be1 Kg7 42.
Ke2 Bf6 43.Bg3 h5 44.Kf3 hxg4+ 45.hxg4 Bd4 46.Be1 Bf6 47.Kg3 Kf7 48.Kh3 
1/2-1/2

[Event "4th EUR-ch"]
[Site "Istanbul TUR"]
[Date "2003.06.06"]
[Round "7.44"]
[White "Olafsson, Helgi"]
[Black "Delchev, Alexander"]
[Result "1/2-1/2"]
[WhiteElo "2473"]
[BlackElo "2577"]
[EventDate "2003.05.30"]
[PlyCount "93"]

1.d4 Nf6 2.c4 e6 3.Nf3 d5 4.g3 Bb4+ 5.Bd2 Be7 6.Bg2 c6 7.Qc2 O-O 8.O-O b6 
9.Bg5 Nbd7 10.Nbd2 Bb7 11.Rac1 h6 12.Bxf6 Nxf6 13.Rfd1 Rc8 14.e4 Re8 15.a3
c5 16.cxd5 exd5 17.e5 Nd7 18.Bh3 Bf8 19.Qf5 Rc7 20.Qf4 Bc8 21.Re1 Nb8 22.
Bxc8 Qxc8 23.dxc5 bxc5 24.b4 cxb4 25.e6 Ree7 26.exf7+ Rxf7 27.Rxc7 Qxc7 
28.Qxc7 Rxc7 29.axb4 Rb7 30.Re8 Kf7 31.Rd8 Bxb4 32.Rxd5 a5 33.Nc4 Nc6 34.
Rd6 Nb8 35.Nfe5+ Ke7 36.Rg6 Kf8 37.Nd3 Bc3 38.Rd6 Rd7 39.Rb6 Rxd3 40.Rxb8+
Ke7 41.Kf1 Kd7 42.Ne3 Ke6 43.Kg2 Rd4 44.Kf3 Rb4 45.Ra8 Be1 46.Nd1 Rb3+ 47.
Ne3 1/2-1/2

[Event "4th EUR-ch"]
[Site "Istanbul TUR"]
[Date "2003.06.06"]
[Round "7.45"]
[White "Timofeev, Artiom"]
[Black "Gdanski, Jacek"]
[Result "1/2-1/2"]
[WhiteElo "2577"]
[BlackElo "2506"]
[EventDate "2003.05.30"]
[PlyCount "69"]

1.Nf3 Nf6 2.c4 g6 3.g3 Bg7 4.Bg2 O-O 5.O-O d6 6.Nc3 Nc6 7.Rb1 e5 8.d3 a5 
9.a3 h6 10.b4 axb4 11.axb4 Be6 12.b5 Ne7 13.Nd2 Qc8 14.b6 cxb6 15.Nde4 Ne8
16.Qb3 f5 17.Nd2 Nf6 18.e3 Kh7 19.f4 Nd7 20.Ba3 Qb8 21.Nf3 exf4 22.gxf4 
Nc5 23.Bxc5 dxc5 24.d4 cxd4 25.Nxd4 Bf7 26.Qb4 Ng8 27.Nf3 Re8 28.Rfe1 Nf6 
29.Rbd1 Bg8 30.h3 Re6 31.Nd4 Rd6 32.Nf3 Re6 33.Nd4 Rd6 34.Nf3 Re6 35.Nd4 
1/2-1/2

[Event "4th EUR-ch"]
[Site "Istanbul TUR"]
[Date "2003.06.06"]
[Round "7.46"]
[White "Sargissian, Gabriel"]
[Black "Dizdarevic, Emir"]
[Result "1-0"]
[WhiteElo "2572"]
[BlackElo "2491"]
[EventDate "2003.05.30"]
[PlyCount "76"]

1.d4 d5 2.c4 c6 3.Nf3 e6 4.Qc2 Nf6 5.g3 Nbd7 6.Bg2 Bd6 7.O-O O-O 8.Nbd2 
Qe7 9.Re1 e5 10.cxd5 Nxd5 11.e4 Nb4 12.Qb1 exd4 13.a3 Na6 14.Nxd4 Nb6 15.
N2f3 f6 16.Qc2 Re8 17.b3 Qf7 18.Bb2 Bg4 19.h3 Bxf3 20.Nxf3 Nc5 21.Rad1 Bf8
22.Re3 Ne6 23.Re2 Rad8 24.Rxd8 Rxd8 25.h4 Nc5 26.e5 Qxb3 27.Qxb3+ Nxb3 28.
exf6 gxf6 29.Bxf6 Rd1+ 30.Kh2 Nd5 31.Bb2 Nc5 32.Re8 Nd3 33.Bd4 h6 34.Bh3 
Kf7 35.Rb8 b6 36.Bg4 c5 37.Be5 Ke7 38.Bh8 Nc7 1-0

[Event "4th EUR-ch"]
[Site "Istanbul TUR"]
[Date "2003.06.06"]
[Round "7.47"]
[White "Sokolov, Ivan"]
[Black "Zaja, Ivan"]
[Result "1-0"]
[WhiteElo "2677"]
[BlackElo "2417"]
[EventDate "2003.05.30"]
[PlyCount "79"]

1.d4 Nf6 2.c4 e5 3.dxe5 Ng4 4.Bf4 Nc6 5.Nf3 Bb4+ 6.Nbd2 Qe7 7.a3 Bxd2+ 8.
Qxd2 Ngxe5 9.e3 Nxf3+ 10.gxf3 d6 11.Rg1 f6 12.Qc3 Bf5 13.O-O-O O-O-O 14.h4
Kb8 15.e4 Bg6 16.Be3 Bh5 17.Rg3 Rhg8 18.Be2 h6 19.Rd5 Bf7 20.c5 dxc5 21.
Rxc5 Ne5 22.f4 Nd7 23.Ra5 Nb6 24.e5 f5 25.b3 Qxh4 26.Kb2 Qe7 27.Bc5 Qe6 
28.a4 Rd7 29.Ka3 a6 30.Bxa6 bxa6 31.Rxa6 Kb7 32.Qa5 Rb8 33.Rc3 Rd5 34.Ra7+
Kc8 35.Rxc7+ Kd8 36.Qa7 Ra8 37.Qxb6 Qxb6 38.Bxb6 Ke8 39.e6 Bxe6 40.Re3 1-0

[Event "4th EUR-ch"]
[Site "Istanbul TUR"]
[Date "2003.06.06"]
[Round "7.49"]
[White "Guliev, Sarhan"]
[Black "Bacrot, Etienne"]
[Result "1/2-1/2"]
[WhiteElo "2524"]
[BlackElo "2654"]
[EventDate "2003.05.30"]
[PlyCount "138"]

1.d4 Nf6 2.c4 g6 3.Nc3 Bg7 4.Nf3 O-O 5.g3 d5 6.cxd5 Nxd5 7.Bg2 Nb6 8.O-O 
Nc6 9.e3 Re8 10.Qb3 Be6 11.Qc2 Bf5 12.Qd2 Qd7 13.e4 Bg4 14.d5 Bxf3 15.Bxf3
Nd4 16.Bg2 c6 17.Qd3 cxd5 18.exd5 Rac8 19.Be3 e5 20.Rac1 Nc4 21.b3 Nd6 22.
Rfe1 Qd8 23.f4 N4f5 24.fxe5 Nxe3 25.exd6 Qxd6 26.Ne4 Rxc1 27.Rxc1 Qb6 28.
Kh1 Bb2 29.d6 Rd8 30.Rc5 Ng4 31.h3 Nf2+ 32.Nxf2 Qxc5 33.Ne4 Qd4 34.Qc2 Ba3
35.Qc7 Rf8 36.h4 h6 37.d7 Be7 38.Nc3 Bd8 39.Qc8 Bb6 40.Kh2 Qg1+ 41.Kh3 Qe3
42.Nd5 Qe6+ 43.Kh2 Rd8 44.Qc3 Rxd7 45.Nf6+ Kf8 46.Nxd7+ Qxd7 47.Qh8+ Ke7 
48.Qxh6 Qc7 49.Qg5+ Kf8 50.Qf6 Qd7 51.Qh8+ Ke7 52.Qe5+ Kf8 53.Qb8+ Kg7 54.
Qxb7 Qxb7 55.Bxb7 Bc5 56.g4 Be7 57.Kg3 f5 58.g5 Bb4 59.Kf2 Bc5+ 60.Kf3 Bb4
61.Kf2 Bc5+ 62.Kg2 Bb4 63.Ba6 Kf7 64.Bc4+ Kg7 65.Be6 Bc5 66.Kf3 Bb4 67.Bd7
Be1 68.h5 Bd2 69.hxg6 Kxg6 1/2-1/2

[Event "4th EUR-ch"]
[Site "Istanbul TUR"]
[Date "2003.06.06"]
[Round "7.51"]
[White "Potkin, Vladimir"]
[Black "Volkov, Sergei"]
[Result "1/2-1/2"]
[WhiteElo "2522"]
[BlackElo "2634"]
[EventDate "2003.05.30"]
[PlyCount "70"]

1.e4 e6 2.d4 d5 3.Nc3 Nf6 4.e5 Nfd7 5.f4 c5 6.Nf3 Nc6 7.Be3 a6 8.Qd2 b5 9.
a3 Bb7 10.Bd3 Qb6 11.Qf2 Rc8 12.O-O g6 13.dxc5 Bxc5 14.Bxc5 Qxc5 15.Ne2 
Qxf2+ 16.Kxf2 Nc5 17.Ned4 Ke7 18.Ke3 h5 19.g3 Rc7 20.h3 Na4 21.Rab1 Nb6 
22.b3 Nd7 23.Rh1 Nxd4 24.Nxd4 h4 25.g4 g5 26.Rbe1 gxf4+ 27.Kxf4 Nc5 28.g5 
Ne4 29.Reg1 Rcc8 30.Rh2 Rh5 31.Rg4 Rg8 32.Nf3 Nc5 33.Be2 Ne4 34.Bd3 Nc5 
35.Be2 Ne4 1/2-1/2

[Event "4th EUR-ch"]
[Site "Istanbul TUR"]
[Date "2003.06.06"]
[Round "7.52"]
[White "Reinderman, Dimitri"]
[Black "Pelletier, Yannick"]
[Result "1/2-1/2"]
[WhiteElo "2516"]
[BlackElo "2623"]
[EventDate "2003.05.30"]
[PlyCount "53"]

1.c4 Nf6 2.Nc3 c5 3.Nf3 e6 4.d4 cxd4 5.Nxd4 Bb4 6.Bg5 h6 7.Bh4 Qa5 8.Qc2 
Ne4 9.Rc1 Nxc3 10.bxc3 Ba3 11.Rb1 Nc6 12.Nb5 Bc5 13.Bg3 e5 14.Rd1 O-O 15.
e3 d6 16.Nxd6 Bxd6 17.Rxd6 Be6 18.Be2 Rad8 19.Rxd8 Rxd8 20.O-O Qc5 21.Rb1 
Bxc4 22.Rxb7 Bxe2 23.Qxe2 Qxc3 24.h3 Rb8 25.Qb5 Rxb7 26.Qxb7 f6 27.Qc8+ 
1/2-1/2

[Event "4th EUR-ch"]
[Site "Istanbul TUR"]
[Date "2003.06.06"]
[Round "7.56"]
[White "Shneider, Alexander"]
[Black "Naiditsch, Arkadij"]
[Result "1-0"]
[WhiteElo "2497"]
[BlackElo "2588"]
[EventDate "2003.05.30"]
[PlyCount "25"]

1.d4 Nf6 2.c4 e6 3.Nf3 Bb4+ 4.Bd2 Qe7 5.g3 Nc6 6.Nc3 Bxc3 7.Bxc3 Ne4 8.Rc1
d6 9.d5 Nxc3 10.Rxc3 Rb8 11.dxe6 fxe6 12.Bg2 O-O 13.Nd4 1-0